Ít hóa nhiều : Các doanh nghiệp vĩ đại biến năng suất thành lợi thế cạnh tranh như thế nào? = Less is more : how great companies use productivity as a competitive tool in business

Quyển sách " Ít khóa nhiều", đã chia sẻ những bí quyế thành công được kiểm chứng từ những doanh nghiệp hùng mạnh và nêu bật lên xu hướng mới trong hoạt động kinh doanh trên quy mô. " Ít hóa nhiều" sẽ là cẩm nang hữu ích dà...

Full beskrivning

Sparad:
Bibliografiska uppgifter
Huvudupphovsman: Jennings, Jason
Materialtyp: Bok
Språk:Undetermined
Publicerad: Hà Nội Nxb. Đại học kinh tế quốc dân 2016
Ämnen:
Taggar: Lägg till en tagg
Inga taggar, Lägg till första taggen!
Thư viện lưu trữ: Trung tâm Học liệu Trường Đại học Cần Thơ
LEADER 01231nam a2200229Ia 4500
001 CTU_221009
008 210402s9999 xx 000 0 und d
020 |c 109000 
082 |a 658.515 
082 |b J54 
100 |a Jennings, Jason 
245 0 |a Ít hóa nhiều : 
245 0 |b Các doanh nghiệp vĩ đại biến năng suất thành lợi thế cạnh tranh như thế nào? = Less is more : how great companies use productivity as a competitive tool in business 
245 0 |c Jason Jennings ; Tuệ Minh (dịch) 
260 |a Hà Nội 
260 |b Nxb. Đại học kinh tế quốc dân 
260 |c 2016 
520 |a Quyển sách " Ít khóa nhiều", đã chia sẻ những bí quyế thành công được kiểm chứng từ những doanh nghiệp hùng mạnh và nêu bật lên xu hướng mới trong hoạt động kinh doanh trên quy mô. " Ít hóa nhiều" sẽ là cẩm nang hữu ích dành cho độc giả. 
650 |a Industrial productivity,Năng suất công nghiệp 
650 |x Measurement,Đo lường 
904 |i Hải 
980 |a Trung tâm Học liệu Trường Đại học Cần Thơ